Kapitoly zo všeobecnej psychológie : biologická determinácia správania /

Uložené v:
Podrobná bibliografia
Hlavný autor: Švancara, Josef, 1924- (Author)
Médium: Kniha
Jazyk:Slovak
Vydané: Bratislava : Slovenské pedagogické nakladateľstvo, 1975.
Vydanie:1. vyd.
ISBN: (brož.)
Fyzický popis: 123 s.
Tagy: Pridať tag
Žiadne tagy, Buďte prvý kto otaguje tento záznam!

MARC

LEADER 00000nam a22000007a 4500
001 000120522
005 20100713144727.0
008 051220s1975 xr slo d
020 |a (brož.)  |c Kčs 12,50 
040 |a SVKKK  |b slo  |c SVKKK  |e AACR2 
041 0 |a slo 
044 |a xo  |c SK 
100 1 |a Švancara, Josef,  |d 1924-  |4 aut 
245 1 0 |a Kapitoly zo všeobecnej psychológie :  |b biologická determinácia správania /  |c Josef Švancara. 
250 |a 1. vyd. 
260 |a Bratislava :  |b Slovenské pedagogické nakladateľstvo,  |c 1975. 
300 |a 123 s. 
910 |a svkkk 
998 |a BK 
090 |g SCKHL  |k Sklad Pribinova 1. posch.  |a IV.84428  |j 534852  |i 2720041122  |s Absenčne